| 000 | 00502nam a2200181Ia 4500 | ||
|---|---|---|---|
| 001 | 24571 | ||
| 005 | 20260414151052.0 | ||
| 008 | 260414t2011||||xx |||||||||||||| ||spa|| | ||
| 041 | _aESP | ||
| 082 |
_aRD 345.721 _bC75 |
||
| 100 |
_aCollantes Gonzáles, Jorge Luis (dir.) _eAUT |
||
| 245 | 0 |
_aDiccionario terminológico del arbitraje nacional e internacional : _bcomercial y de inversiones |
|
| 260 | _c2011 | ||
| 300 |
_a _c24 cm. |
||
| 650 | _aDER | ||
| 654 | _aCDE | ||
| 942 |
_cLIB _dJUS _fJUS _2ddc _n |
||
| 999 |
_c24571 _d24571 |
||